| 000 | 00561nmm a2200181Ia 4500 | ||
|---|---|---|---|
| 008 | 251105s9999||||xx |||||||||||||||||und|| | ||
| 020 | _a9788491165453 | ||
| 041 | _aspa | ||
| 100 | _aL. Savio, Irene | ||
| 245 | 0 |
_aMi nombre es Refugiado : _b Crónica de un exilio |
|
| 264 |
_a[Madrid, España] : _bUniversitat Oberta de Catalunya, _c2017 |
||
| 300 | _a164 páginas | ||
| 650 | _aEmigration and immigration | ||
| 700 | _aL. Savio, Irene | ||
| 700 | 1 | _a Álvarez Reguera, Leticia | |
| 856 | _uhttps://public.digitaliapublishing.com/a/47355 | ||
| 942 | _cCF | ||
| 999 |
_c67570 _d67570 |
||